| 000 | 00713 a2200169 4500 | ||
|---|---|---|---|
| 003 | Nust | ||
| 005 | 20230331090609.0 | ||
| 040 | _cNust | ||
| 082 | _a808.84,JOE | ||
| 100 |
_aBrailsford H.N _9108007 |
||
| 245 |
_aThe Bookmark / _cH.N Brailsford |
||
| 260 |
_aLondon, _bJohn Westhouse, _c1945. |
||
| 300 | _a142:p | ||
| 500 | _aThe author Excuses Himself (Page-15) Jonathan Swift (page-20) Voltaire and History (Page-27) Thomas love Peacock ((Page-34) The Bronte’s (Page-40) in a Green Shade (page-51) Election in Literature (page-51) Ghosis and Ghost Stories (page-58) Thomas Hardy (Page-62) W.H. Hudson (page-68) R.L. Stevenson (page-73) | ||
| 650 |
_aThe Bookmark _9111616 |
||
| 942 |
_2ddc _cBK _k808.84,JOE |
||
| 999 |
_c186608 _d186608 |
||